[Event "Excelsior March op"]
[Site "Toronto CAN"]
[Date "2023.03.10"]
[Round "1.16"]
[White "Reshetniak, Vitaliy"]
[Black "Pimentel, Sheldon"]
[Result "1-0"]
[WhiteElo "1978"]
[BlackElo "1577"]
[PlyCount "87"]
[EventDate "2023.03.19"]
[EventType "swiss"]
[EventRounds "5"]
[EventCountry "CAN"]

1. d4 d5 2. c4 c6 3. Nc3 Nf6 4. e3 e6 5. Nf3 Nbd7 6. Qc2 Be7 7. Bd3 a6 8. a4
dxc4 9. Bxc4 b5 10. axb5 Nb6 11. Be2 cxb5 12. Ne4 Nxe4 13. Qxe4 O-O 14. Bd2 f5
15. Qc6 Bd7 16. Qc2 Bd6 17. O-O Qb8 18. Rfc1 Qb7 19. Ng5 h6 20. Nf3 Rfc8 21.
Qb3 Qd5 22. Qxd5 Rxc1+ 23. Bxc1 Nxd5 24. Bd2 Kf8 25. Ne1 Bc6 26. Rc1 Bb7 27.
Ba5 Ke8 28. Nd3 Rc8 29. Rxc8+ Bxc8 30. g3 Kd7 31. Kf1 Bb7 32. Ke1 Ne7 33. Kd2
Nc6 34. Bb6 a5 35. Bc5 Bc7 36. Bf8 Bb6 37. Bxg7 b4 38. Bxh6 a4 39. Bf8 a3 40.
bxa3 bxa3 41. Bxa3 Ba5+ 42. Kd1 Bc8 43. Nc5+ Ke8 44. Bb5 1-0

[Event "Excelsior March op"]
[Site "Toronto CAN"]
[Date "2023.03.10"]
[Round "1.17"]
[White "Jiang, Hancy"]
[Black "Siddeley, Hugh"]
[Result "1-0"]
[WhiteElo "1570"]
[BlackElo "1976"]
[PlyCount "119"]
[EventDate "2023.03.19"]
[EventType "swiss"]
[EventRounds "5"]
[EventCountry "CAN"]

1. Nf3 d5 2. d4 Nf6 3. c4 e6 4. g3 Be7 5. Bg2 O-O 6. O-O dxc4 7. Ne5 Nc6 8.
Nxc6 bxc6 9. Bxc6 Rb8 10. Bg2 Bb7 11. Nc3 Bxg2 12. Kxg2 c5 13. dxc5 Qc7 14. Qa4
Qxc5 15. e4 Rb4 16. Be3 Qc7 17. Qxa7 Rb7 18. Qa4 Rxb2 19. Rab1 Rbb8 20. Bf4 e5
21. Bg5 Ra8 22. Qc2 Ra6 23. a4 Rfa8 24. Rb5 h6 25. Bxf6 Bxf6 26. Rfb1 Qc6 27.
h4 h5 28. Qe2 g6 29. Qe3 Bg7 30. Rc5 Qe6 31. Rbb5 Rxa4 32. Nxa4 Rxa4 33. Qc3
Kh7 34. Ra5 Rxa5 35. Rxa5 Qc6 36. Qc2 f5 37. Ra4 c3 38. Ra3 fxe4 39. Rxc3 Qd5
40. Re3 Qd4 41. Qxe4 Qd1 42. Rd3 Qc2 43. Rd4 Qc7 44. Rc4 Qf7 45. Rb4 Qf6 46.
Rb7 Kh6 47. Qd5 Qf5 48. Qd2+ Kh7 49. Qd5 Kh6 50. Rf7 Qc8 51. Qd2+ Kh7 52. Qg5
Qc6+ 53. Kh2 Qe8 54. Re7 Qf8 55. Kg1 Qb8 56. Qf6 Qg8 57. Qxe5 Kh6 58. Qg5+ Kh7
59. g4 hxg4 60. h5 1-0

[Event "Excelsior March op"]
[Site "Toronto CAN"]
[Date "2023.03.10"]
[Round "1.19"]
[White "Ruchinskaya, Valerie"]
[Black "Furrow, Matthew"]
[Result "1-0"]
[WhiteElo "1541"]
[BlackElo "1796"]
[PlyCount "91"]
[EventDate "2023.03.19"]
[EventType "swiss"]
[EventRounds "5"]
[EventCountry "CAN"]

1. d4 Nf6 2. Bf4 g6 3. Nc3 d5 4. Qd2 Bg7 5. O-O-O O-O 6. Bh6 Qd6 7. Bxg7 Kxg7
8. h4 h5 9. Nf3 Ng4 10. e4 dxe4 11. Nxe4 Qc6 12. Bd3 Bf5 13. Nc5 Bxd3 14. Nxd3
Nd7 15. Rhg1 Qd5 16. Kb1 Ndf6 17. Rde1 Rfe8 18. c3 Rad8 19. Qf4 Qd6 20. Nfe5
Rf8 21. Rd1 Nd5 22. Qd2 Nxe5 23. Nxe5 Qf6 24. g3 Qf5+ 25. Qc2 Qxc2+ 26. Kxc2 f6
27. Nd3 Rfe8 28. c4 Nb6 29. Nc5 e5 30. d5 Kf7 31. b3 c6 32. Nxb7 cxd5 33. Nxd8+
Rxd8 34. cxd5 Rxd5 35. Rxd5 Nxd5 36. Kd3 Ke6 37. Kc4 a6 38. Rd1 Nc7 39. Kc5 Nb5
40. a4 Nc3 41. Re1 f5 42. Re3 Ne4+ 43. Rxe4 fxe4 44. b4 e3 45. fxe3 Kf5 46. b5
1-0

[Event "Excelsior March op"]
[Site "Toronto CAN"]
[Date "2023.03.10"]
[Round "1.20"]
[White "Tan, Brendan"]
[Black "Deshpande, Sarthak"]
[Result "1-0"]
[WhiteElo "1540"]
[BlackElo "1527"]
[PlyCount "69"]
[EventDate "2023.03.19"]
[EventType "swiss"]
[EventRounds "5"]
[EventCountry "CAN"]

1. e4 c6 2. d4 d5 3. f3 dxe4 4. fxe4 e5 5. Nf3 exd4 6. Bc4 Be6 7. Bxe6 fxe6 8.
Nxd4 Qh4+ 9. Kf1 Qxe4 10. Nc3 Qg6 11. Qe2 Qf6+ 12. Nf3 h6 13. Ne4 Qf7 14. Ke1
Nd7 15. Rf1 Ngf6 16. Nd4 e5 17. Nf5 Qe6 18. Ned6+ Kd8 19. Nxb7+ Kc7 20. Na5
Bb4+ 21. Bd2 Bxd2+ 22. Qxd2 Qd5 23. Rd1 Qxd2+ 24. Rxd2 Kb6 25. b4 Nd5 26. a3 g6
27. c4 N5f6 28. Rd6 Kc7 29. Rxc6+ Kd8 30. Nb7+ Ke8 31. Nh4 Kf7 32. Nc5 Kg7 33.
Nxd7 Nxd7 34. Rxg6+ Kh7 35. Rf7# 1-0

[Event "Excelsior March op"]
[Site "Toronto CAN"]
[Date "2023.03.10"]
[Round "1.21"]
[White "Zhong, April"]
[Black "Ashcroft, Michael"]
[Result "1-0"]
[WhiteElo "1524"]
[BlackElo "1523"]
[PlyCount "101"]
[EventDate "2023.03.19"]
[EventType "swiss"]
[EventRounds "5"]
[EventCountry "CAN"]

1. e4 g6 2. d4 Bg7 3. Nf3 d6 4. Bc4 Nf6 5. Qe2 Bg4 6. e5 dxe5 7. Bxf7+ Kf8 8.
dxe5 Bxf3 9. Qxf3 Kxf7 10. exf6 exf6 11. Qb3+ Ke7 12. O-O Re8 13. Qxb7 Nd7 14.
Bd2 Qb8 15. Re1+ Kf8 16. Rxe8+ Kxe8 17. Qe4+ Kf8 18. Nc3 f5 19. Qc6 Ne5 20.
Qc5+ Kg8 21. Re1 Qd8 22. Bf4 Qd6 23. Qd5+ Qxd5 24. Nxd5 Re8 25. Rd1 c6 26. Ne3
h6 27. h4 Nf7 28. b3 g5 29. hxg5 hxg5 30. Bc7 Re7 31. Ba5 f4 32. Nc4 Re2 33.
Rd2 Re1+ 34. Kh2 Ra1 35. a4 Nh6 36. g3 f3 37. Ne3 Nf7 38. Rd7 Ra2 39. Bd2 a6
40. a5 c5 41. Kh3 Bd4 42. Rc7 Ne5 43. g4 Ng6 44. Rc6 Ra1 45. Rxg6+ Kh7 46. Rxg5
c4 47. Kg3 c3 48. Bxc3 Bxc3 49. Kxf3 Bxa5 50. Ke4 Re1 51. Rxa5 1-0

[Event "Excelsior March op"]
[Site "Toronto CAN"]
[Date "2023.03.10"]
[Round "1.22"]
[White "Xu, Philip"]
[Black "Wang, Nathan"]
[Result "1-0"]
[WhiteElo "1485"]
[BlackElo "1502"]
[PlyCount "51"]
[EventDate "2023.03.19"]
[EventType "swiss"]
[EventRounds "5"]
[EventCountry "CAN"]

1. c4 Nf6 2. d4 g6 3. Nc3 d5 4. Nf3 Bg7 5. cxd5 Nxd5 6. e4 Nxc3 7. bxc3 c5 8.
Bb5+ Bd7 9. Bxd7+ Nxd7 10. Qb3 cxd4 11. cxd4 O-O 12. O-O Nb6 13. Be3 e6 14.
Rfc1 Qd6 15. a4 f5 16. Ng5 Rfe8 17. a5 h6 18. Bf4 Qd7 19. Rc7 Qxd4 20. Rd1 Qb2
21. Qxb2 Bxb2 22. Nf7 Rac8 23. Nxh6+ Kh8 24. axb6 axb6 25. Rxb7 Bf6 26. Rdd7
1-0

[Event "Excelsior March op"]
[Site "Toronto CAN"]
[Date "2023.03.10"]
[Round "1.23"]
[White "Clarizio, Joshua"]
[Black "Liu, Sean"]
[Result "0-1"]
[WhiteElo "1350"]
[BlackElo "1482"]
[PlyCount "78"]
[EventDate "2023.03.19"]
[EventType "swiss"]
[EventRounds "5"]
[EventCountry "CAN"]

1. e4 c5 2. Nc3 Nc6 3. Nf3 g6 4. Bc4 Bg7 5. d3 d6 6. h3 Nf6 7. O-O O-O 8. Bg5
h6 9. Bf4 Bd7 10. Re1 e5 11. Bh2 a6 12. a3 b5 13. Ba2 Rb8 14. b4 cxb4 15. axb4
Nxb4 16. Bd5 Nfxd5 17. Nxd5 Nxd5 18. exd5 Qb6 19. Rb1 a5 20. Qd2 b4 21. Re4 Bf5
22. Rc4 Rfc8 23. Rxc8+ Rxc8 24. g4 Bd7 25. Ne1 Qc5 26. Kf1 Qxd5 27. Kg1 Bc6 28.
f3 Qa2 29. Qd1 Qd5 30. Qe2 Bb5 31. Qe3 Qc5 32. Qxc5 Rxc5 33. Bg3 Bc6 34. Bf2
Rb5 35. h4 a4 36. Be3 b3 37. cxb3 axb3 38. Rc1 b2 39. Rb1 Bd5 0-1

[Event "Excelsior March op"]
[Site "Toronto CAN"]
[Date "2023.03.10"]
[Round "1.24"]
[White "Qian, Ashley"]
[Black "Naiboglu, Onur"]
[Result "1-0"]
[WhiteElo "1481"]
[BlackElo "1301"]
[PlyCount "24"]
[EventDate "2023.03.19"]
[EventType "swiss"]
[EventRounds "5"]
[EventCountry "CAN"]

1. e4 e5 2. Nf3 Nc6 3. d4 exd4 4. Nxd4 Nf6 5. Nc3 Bb4 6. Nxc6 bxc6 7. Bd3 h6 8.
O-O O-O 9. h3 Re8 10. Qf3 d6 11. Bf4 Nd7 12. Bc4 Nb6 1-0

[Event "Excelsior March op"]
[Site "Toronto CAN"]
[Date "2023.03.10"]
[Round "1.25"]
[White "Chhabda, Chintansingh"]
[Black "Ambilwade, Ojal"]
[Result "0-1"]
[WhiteElo "1280"]
[BlackElo "1476"]
[PlyCount "116"]
[EventDate "2023.03.19"]
[EventType "swiss"]
[EventRounds "5"]
[EventCountry "CAN"]

1. d4 Nf6 2. c4 e6 3. Nf3 Bb4+ 4. Bd2 Be7 5. Bg5 d5 6. Nc3 O-O 7. e3 b6 8. cxd5
exd5 9. Rc1 Bb7 10. Bd3 Nbd7 11. O-O c5 12. Re1 h6 13. Bh4 Ne4 14. Bxe7 Qxe7
15. Bb1 Rfd8 16. Nd2 Ndf6 17. Nf1 Qd7 18. Nxe4 dxe4 19. dxc5 Qe7 20. Qa4 bxc5
21. Qa3 Rd5 22. Rc4 Re5 23. Rec1 Nd7 24. Nd2 Bd5 25. R4c3 Qd6 26. Nb3 Bxb3 27.
Rxb3 Rd5 28. Bc2 Nf6 29. Rc3 Rd8 30. h3 Rd2 31. Qxa7 Rxf2 32. Kxf2 Qd2+ 33. Kg1
Qxc1+ 34. Kh2 Qxb2 35. Qa3 Qb8+ 36. Kg1 Qg3 37. Qc1 Nd5 38. Qd2 Nxc3 39. Qxd8+
Kh7 40. Qd2 Qe5 41. a4 Nd5 42. a5 Nb4 43. Qc1 Nxc2 44. Qxc2 Qa1+ 45. Kh2 Qxa5
46. Qxe4+ g6 47. Qe7 Kg7 48. Qe5+ Kf8 49. Qh8+ Ke7 50. Qxh6 Qc7+ 51. Kg1 Qe5
52. Qh4+ g5 53. Qe1 Qd6 54. Qc1 Qd5 55. e4 Qd4+ 56. Kh2 f6 57. Qb1 c4 58. Qb4+
Qd6+ 0-1

[Event "Excelsior March op"]
[Site "Toronto CAN"]
[Date "2023.03.10"]
[Round "1.26"]
[White "Momic, Jovan"]
[Black "Lin, Austin"]
[Result "1-0"]
[WhiteElo "1471"]
[BlackElo "1168"]
[PlyCount "71"]
[EventDate "2023.03.19"]
[EventType "swiss"]
[EventRounds "5"]
[EventCountry "CAN"]

1. d4 Nf6 2. c4 c6 3. Nc3 d5 4. cxd5 cxd5 5. Nf3 Bf5 6. e3 e6 7. Qa4+ Nbd7 8.
Ne5 a6 9. Bd3 Bxd3 10. Nxd3 Rc8 11. O-O Bd6 12. Bd2 Ng4 13. h3 h5 14. e4 Bh2+
15. Kh1 Qc7 16. exd5 Bg1 17. Bf4 e5 18. dxe5 Nxf2+ 19. Nxf2 Bxf2 20. Rxf2 O-O
21. e6 Ne5 22. Qd4 f6 23. Raf1 Rfd8 24. Qe4 b5 25. a3 Rb8 26. Bxe5 fxe5 27. Rf7
Qc4 28. Qg6 Qxf1+ 29. Rxf1 Rb7 30. Rf7 Rxf7 31. Qxf7+ Kh7 32. e7 Rd6 33. e8=Q
Rf6 34. Qxh5+ Rh6 35. Qeg6+ Kg8 36. Qhxh6 1-0

[Event "Excelsior March op"]
[Site "Toronto CAN"]
[Date "2023.03.10"]
[Round "1.27"]
[White "Bakradze, Joshua"]
[Black "Li, Triston"]
[Result "0-1"]
[WhiteElo "1164"]
[BlackElo "1470"]
[PlyCount "54"]
[EventDate "2023.03.19"]
[EventType "swiss"]
[EventRounds "5"]
[EventCountry "CAN"]

1. e4 c5 2. Nf3 d6 3. d4 cxd4 4. Nxd4 Nf6 5. Nc3 a6 6. Be3 e5 7. Nb3 Be6 8. f3
Be7 9. Qd2 Nbd7 10. O-O-O b5 11. h4 Nb6 12. Na5 b4 13. Nd5 Nbxd5 14. exd5 Qxa5
15. dxe6 Qxa2 16. exf7+ Kxf7 17. Qxb4 d5 18. Qb3 Qa1+ 19. Kd2 Qa5+ 20. c3 Rab8
21. Qc2 Rhc8 22. Rc1 d4 23. Bg5 dxc3+ 24. bxc3 Rxc3 25. Qxc3 Bb4 26. Qxb4 Rxb4
27. Ke2 Rb2+ 0-1

[Event "Excelsior March op"]
[Site "Toronto CAN"]
[Date "2023.03.10"]
[Round "1.28"]
[White "Deepak, Laksshana"]
[Black "Pedersen, Noah"]
[Result "1-0"]
[WhiteElo "1465"]
[BlackElo "1157"]
[PlyCount "50"]
[EventDate "2023.03.19"]
[EventType "swiss"]
[EventRounds "5"]
[EventCountry "CAN"]

1. e4 c5 2. Nf3 e6 3. d4 cxd4 4. Nxd4 a6 5. Nc3 Qc7 6. f3 Nf6 7. a3 Bd6 8. g3
Nc6 9. Be3 O-O 10. Qd2 Nxd4 11. Bxd4 b5 12. O-O-O Be5 13. Bxe5 Qxe5 14. f4 Qc5
15. e5 Bb7 16. Bg2 Bxg2 17. Qxg2 Ng4 18. Rxd7 Ne3 19. Qf3 Rfd8 20. Re1 Nc4 21.
Red1 Qf8 22. Qb7 Nxa3 23. Rxd8 Rxd8 24. Rxd8 Qxd8 25. bxa3 h6 1-0

[Event "Excelsior March op"]
[Site "Toronto CAN"]
[Date "2023.03.10"]
[Round "1.29"]
[White "Zhan, Jayden Zihan"]
[Black "Mutyalapati, Modith Aaroh"]
[Result "1-0"]
[WhiteElo "1153"]
[BlackElo "1455"]
[PlyCount "95"]
[EventDate "2023.03.19"]
[EventType "swiss"]
[EventRounds "5"]
[EventCountry "CAN"]

1. Nf3 d5 2. c4 c6 3. d4 Nf6 4. Nc3 dxc4 5. e4 b5 6. e5 Nd5 7. Ne4 e6 8. a4
Bb4+ 9. Bd2 Be7 10. b3 cxb3 11. Qxb3 bxa4 12. Rxa4 Nd7 13. Be2 N7b6 14. Ra2 O-O
15. O-O Qc7 16. Rfa1 Bd7 17. Nc5 Bc8 18. Na6 Bxa6 19. Rxa6 Rfb8 20. Qa2 Rb7 21.
Rc1 Bb4 22. Qc2 Bxd2 23. Qxd2 Nd7 24. Raxc6 Qd8 25. Ng5 h6 26. Ne4 Rab8 27. Nd6
Rb2 28. Qxb2 Rxb2 29. Rc8 Qxc8 30. Rxc8+ Nf8 31. Bb5 Nf4 32. g3 Nh3+ 33. Kg2
Nxf2 34. Kf1 Ng4 35. Be8 Nxh2+ 36. Kg1 Nf3+ 37. Kf1 Ng5 38. Rc7 a5 39. Ra7 Ra2
40. Nxf7 Nxf7 41. Bxf7+ Kh7 42. Ra8 Ng6 43. Bg8+ Kh8 44. Bxe6+ Kh7 45. Bxa2 a4
46. e6 Ne7 47. d5 Nxd5 48. Bxd5 1-0

[Event "Excelsior March op"]
[Site "Toronto CAN"]
[Date "2023.03.10"]
[Round "1.30"]
[White "Gavrileva, Anna"]
[Black "Hong, Zihan"]
[Result "1-0"]
[WhiteElo "1448"]
[BlackElo "1084"]
[PlyCount "167"]
[EventDate "2023.03.19"]
[EventType "swiss"]
[EventRounds "5"]
[EventCountry "CAN"]

1. d4 d5 2. Bf4 Bf5 3. c4 Nc6 4. e3 Nf6 5. Nc3 e6 6. Nf3 a6 7. Be2 Be7 8. Rc1
O-O 9. Ne5 Na5 10. O-O Rc8 11. c5 Nd7 12. Qa4 Nxe5 13. Bxe5 Nc6 14. Bg3 Bg6 15.
a3 f5 16. b4 Be8 17. Qb3 Bg5 18. f4 Bh4 19. Nb1 Bxg3 20. hxg3 Rf6 21. Kf2 h5
22. Rh1 Rh6 23. Qd1 h4 24. gxh4 Rxh4 25. Nd2 Rxh1 26. Qxh1 Qf6 27. Qh3 Na7 28.
Rh1 Bg6 29. Nf3 Kf8 30. Ne5 Ke7 31. Qg3 Bf7 32. Rh7 Rg8 33. a4 Be8 34. Bd1 Nc6
35. Nxc6+ Bxc6 36. Qh3 Be8 37. g4 fxg4 38. Qxg4 Bg6 39. Rh2 Qf5 40. Qxf5 Bxf5
41. Rg2 Kf6 42. Ke1 Rh8 43. Kd2 Rh1 44. b5 a5 45. Re2 Bg4 46. Re1 Rh2+ 47. Be2
Kf5 48. Kd3 Bxe2+ 49. Rxe2 Rh1 50. Rg2 g6 51. Rg5+ Kf6 52. Kc2 Ra1 53. Kb3 Rb1+
54. Ka2 Rb4 55. Ka3 Rc4 56. Re5 Kf7 57. Kb3 Rb4+ 58. Ka3 Rc4 59. c6 bxc6 60.
bxc6 Rxc6 61. e4 dxe4 62. Rxe4 Rc4 63. Kb3 Rb4+ 64. Ka3 c5 65. Re5 cxd4 66.
Rxa5 Rb6 67. Ra8 Rd6 68. Kb2 d3 69. Kc1 Kf6 70. a5 Kf5 71. a6 Kxf4 72. a7 Ra6
73. Rf8+ Ke4 74. a8=Q+ Rxa8 75. Rxa8 g5 76. Kd2 Kf3 77. Rf8+ Kg3 78. Kxd3 Kh3
79. Rh8+ Kg3 80. Ke3 g4 81. Rh6 e5 82. Rg6 Kh3 83. Kf2 Kh4 84. Kg2 1-0

[Event "Excelsior March op"]
[Site "Toronto CAN"]
[Date "2023.03.11"]
[Round "2.1"]
[White "Nagy, Gabor"]
[Black "Chen, Max"]
[Result "1-0"]
[WhiteElo "2497"]
[BlackElo "2111"]
[PlyCount "63"]
[EventDate "2023.03.19"]
[EventType "swiss"]
[EventRounds "5"]
[EventCountry "CAN"]

1. c4 Nf6 2. g3 g6 3. Bg2 Bg7 4. Nc3 c5 5. e3 O-O 6. Nge2 e6 7. Nf4 Nc6 8. O-O
b6 9. d4 Bb7 10. Re1 Na5 11. Bxb7 Nxb7 12. b3 d5 13. cxd5 cxd4 14. exd4 Nxd5
15. Ncxd5 exd5 16. Ba3 Re8 17. Qf3 Nd6 18. Rxe8+ Nxe8 19. Nxd5 Nf6 20. Ne7+ Kh8
21. Re1 a5 22. Qc6 b5 23. Bd6 Ne8 24. Bc5 b4 25. d5 Bc3 26. Re3 Kg7 27. d6 Nf6
28. Bb6 Qb8 29. Bc7 Qa7 30. d7 Qd4 31. Qxa8 Qxd7 32. Qd8 1-0

[Event "Excelsior March op"]
[Site "Toronto CAN"]
[Date "2023.03.11"]
[Round "2.2"]
[White "Bora, Safal"]
[Black "Campbell, Ryan"]
[Result "1-0"]
[WhiteElo "2461"]
[BlackElo "2018"]
[PlyCount "51"]
[EventDate "2023.03.19"]
[EventType "swiss"]
[EventRounds "5"]
[EventCountry "CAN"]

1. Nf3 d5 2. e3 Nf6 3. c4 e6 4. b3 Be7 5. Bb2 O-O 6. g3 c6 7. Bg2 Nbd7 8. O-O
b6 9. d4 Bb7 10. Nbd2 dxc4 11. bxc4 c5 12. a4 Qc7 13. Qb3 Rfd8 14. a5 Ne4 15.
d5 exd5 16. cxd5 Ndf6 17. Bxf6 Nxf6 18. e4 Bd6 19. Rfe1 Re8 20. a6 Bc8 21. e5
Bd7 22. exd6 Qxd6 23. Nc4 Qf8 24. Nfe5 Rab8 25. Nxd7 Nxd7 26. Qb5 1-0

[Event "Excelsior March op"]
[Site "Toronto CAN"]
[Date "2023.03.11"]
[Round "2.4"]
[White "Ibarra Chami, Luis Fernando"]
[Black "Reshetniak, Vitaliy"]
[Result "1-0"]
[WhiteElo "2447"]
[BlackElo "1978"]
[PlyCount "37"]
[EventDate "2023.03.19"]
[EventType "swiss"]
[EventRounds "5"]
[EventCountry "CAN"]

1. c4 e5 2. g3 Nc6 3. Bg2 Bc5 4. Nc3 a6 5. e3 d6 6. Nge2 Ba7 7. d4 h5 8. h3 f5
9. b4 h4 10. O-O Nge7 11. b5 axb5 12. cxb5 Na5 13. Qa4 Bb6 14. dxe5 dxe5 15.
Rd1 Bd7 16. Ba3 hxg3 17. Nxg3 c5 18. bxc6 Naxc6 19. Rxd7 1-0

[Event "Excelsior March op"]
[Site "Toronto CAN"]
[Date "2023.03.11"]
[Round "2.5"]
[White "Bhat, Vaibhav"]
[Black "Sambuev, Bator"]
[Result "1/2-1/2"]
[WhiteElo "2008"]
[BlackElo "2434"]
[PlyCount "124"]
[EventDate "2023.03.19"]
[EventType "swiss"]
[EventRounds "5"]
[EventCountry "CAN"]

1. d4 Nf6 2. c4 e6 3. Nf3 d5 4. g3 c6 5. Bg2 dxc4 6. O-O b5 7. a4 Bb7 8. Ne5 a6
9. axb5 axb5 10. Rxa8 Bxa8 11. Nc3 Bd6 12. Nxb5 cxb5 13. Bxa8 O-O 14. Bg2 Bxe5
15. dxe5 Nd5 16. Qd4 Qe7 17. Bxd5 Rd8 18. Qb6 exd5 19. Qxb5 h6 20. e4 d4 21.
Qxc4 Qxe5 22. Bf4 Qxe4 23. Bxb8 Rxb8 24. Rd1 Rd8 25. b4 h5 26. h4 Qg4 27. Qd3
Qe6 28. b5 g6 29. Kg2 Qb6 30. Qc4 Rd6 31. Rd3 Kg7 32. Kh2 Qa7 33. Kg2 Kh7 34.
Rf3 Kg8 35. Rd3 Qb7+ 36. Kh2 Qe4 37. b6 Qe2 38. Kg2 Qe4+ 39. Kh2 Rf6 40. Qxd4
Qxd4 41. Rxd4 Rxf2+ 42. Kh3 Rb2 43. Rd6 Kf8 44. Rc6 Ke7 45. Rc7+ Kf6 46. Rc6+
Kg7 47. Rd6 Rb3 48. Kg2 Kf8 49. Rc6 Ke7 50. Kf2 Kd7 51. Rf6 Ke7 52. Rc6 Rb5 53.
Kg2 Kd7 54. Rf6 Ke8 55. Rc6 Ke7 56. Kf3 Rf5+ 57. Kg2 Kd7 58. Rc7+ Kd6 59. Kg1
Ke6 60. Rc6+ Kd7 61. Rc7+ Ke6 62. Rc6+ Kd7 1/2-1/2

[Event "Excelsior March op"]
[Site "Toronto CAN"]
[Date "2023.03.11"]
[Round "2.8"]
[White "Mao, Fengxi"]
[Black "Dukic, Zachary"]
[Result "1-0"]
[WhiteElo "1987"]
[BlackElo "2238"]
[PlyCount "79"]
[EventDate "2023.03.19"]
[EventType "swiss"]
[EventRounds "5"]
[EventCountry "CAN"]

1. b3 e5 2. Bb2 Nc6 3. Nf3 e4 4. Nd4 Nf6 5. e3 Bc5 6. Nxc6 dxc6 7. d4 Bb4+ 8.
c3 Bd6 9. Nd2 Bf5 10. h3 h5 11. g3 Rh6 12. Qc2 Qd7 13. Bg2 Qe6 14. O-O-O O-O-O
15. c4 Re8 16. Nb1 c5 17. Nc3 cxd4 18. Rxd4 Be5 19. Rd2 Rhh8 20. Nb5 a6 21. Nd4
Bxd4 22. Bxd4 Rhg8 23. Qc3 Nd7 24. Qa5 Rd8 25. Bc3 Nb8 26. Qe5 Qg6 27. Rxd8+
Rxd8 28. Qxg7 Qd6 29. Qe5 Qg6 30. Rd1 Nd7 31. Qe7 f6 32. Qa3 Re8 33. Rd5 Be6
34. Rd4 f5 35. h4 Ne5 36. Bf1 Nf3 37. Rd1 Nh2 38. Qc5 b6 39. Qc6 Kb8 40. Be5
1-0

[Event "Excelsior March op"]
[Site "Toronto CAN"]
[Date "2023.03.11"]
[Round "2.9"]
[White "Plotkin, Victor"]
[Black "Jiang, Hancy"]
[Result "1-0"]
[WhiteElo "2176"]
[BlackElo "1570"]
[PlyCount "87"]
[EventDate "2023.03.19"]
[EventType "swiss"]
[EventRounds "5"]
[EventCountry "CAN"]

1. Nf3 Nf6 2. d4 g6 3. Bf4 d5 4. h3 b6 5. e3 Bg7 6. Bd3 c5 7. c3 O-O 8. O-O Bf5
9. Bxf5 gxf5 10. Nbd2 e6 11. Qe2 Qe7 12. Ne5 Ne4 13. Rad1 Kh8 14. Qh5 Bxe5 15.
Bxe5+ f6 16. Bh2 Nd7 17. f3 Ng5 18. Qh4 Rg8 19. Kh1 Rg6 20. e4 fxe4 21. fxe4
cxd4 22. cxd4 Qb4 23. exd5 exd5 24. Qg4 Nf8 25. Qf5 Qxd4 26. Nf3 Qxb2 27. Rd2
Qb4 28. Rd4 Qe7 29. Qxd5 Nxf3 30. Qxf3 Rd8 31. Re4 Qg7 32. Bf4 Nd7 33. Rfe1 Qf8
34. Re7 Rg7 35. Bd6 Ne5 36. R1xe5 fxe5 37. Qxf8+ Rxf8 38. Bxe5 Rfg8 39. Rxa7 h5
40. a4 Kh7 41. Rxg7+ Rxg7 42. Bxg7 Kxg7 43. g4 hxg4 44. hxg4 1-0

[Event "Excelsior March op"]
[Site "Toronto CAN"]
[Date "2023.03.11"]
[Round "2.10"]
[White "Malakar, Saarthak"]
[Black "Rusonik, Max"]
[Result "0-1"]
[WhiteElo "1546"]
[BlackElo "2173"]
[PlyCount "82"]
[EventDate "2023.03.19"]
[EventType "swiss"]
[EventRounds "5"]
[EventCountry "CAN"]

1. d4 Nf6 2. Nf3 d5 3. g3 e6 4. Bg2 c5 5. O-O Nc6 6. b3 Be7 7. Bb2 O-O 8. Nbd2
b5 9. dxc5 Bxc5 10. Re1 Bb7 11. h3 Qc7 12. e3 b4 13. c4 bxc3 14. Bxc3 e5 15.
Rc1 Bd6 16. e4 d4 17. Bb2 Qe7 18. Nc4 Bb4 19. Nfd2 Na5 20. Nxa5 Bxa5 21. a3
Bxd2 22. Qxd2 Qe6 23. b4 Qb3 24. Qc2 Qxc2 25. Rxc2 Rfc8 26. Rd2 Ne8 27. f3 Nd6
28. Bf1 Rc7 29. Bd3 Rac8 30. Kf2 Bc6 31. Rc2 Ba4 32. Rxc7 Rxc7 33. Rc1 Rxc1 34.
Bxc1 Kf8 35. Ke2 Ke7 36. Kd2 Bd7 37. Bc2 Bc6 38. a4 f5 39. exf5 Bxf3 40. Bd1
Ne4+ 41. Ke1 Nxg3 0-1

[Event "Excelsior March op"]
[Site "Toronto CAN"]
[Date "2023.03.11"]
[Round "2.11"]
[White "Mikhalevski, Victor"]
[Black "Ruchinskaya, Valerie"]
[Result "1-0"]
[WhiteElo "2519"]
[BlackElo "1541"]
[PlyCount "106"]
[EventDate "2023.03.19"]
[EventType "swiss"]
[EventRounds "5"]
[EventCountry "CAN"]

1. c4 c6 2. Nf3 d5 3. b3 Nf6 4. g3 Bg4 5. Bg2 Nbd7 6. d4 e6 7. O-O Bd6 8. Bb2
a5 9. Nc3 O-O 10. Re1 Bb4 11. a3 Bxc3 12. Bxc3 Ne4 13. Bb2 a4 14. b4 f5 15. Ne5
Bh5 16. Qc2 Nd6 17. c5 Nf7 18. Nd3 g5 19. f3 Bg6 20. e4 fxe4 21. fxe4 Nf6 22.
e5 Ne4 23. Qe2 Qe7 24. Rf1 Nh6 25. g4 Rxf1+ 26. Rxf1 Rf8 27. Rxf8+ Qxf8 28. Bc1
Nf7 29. Qe1 Qa8 30. Bf1 Nh6 31. Be2 b5 32. cxb6 Qb7 33. Be3 Qxb6 34. Qc1 Nf7
35. Kf1 Nd8 36. Nc5 Nxc5 37. Qxc5 Qxc5 38. bxc5 h6 39. Ke1 Bc2 40. Kd2 Bb3 41.
Kc3 Kf7 42. Kb4 Ke7 43. Ka5 Kd7 44. Kb6 Nf7 45. Bf2 Bc2 46. Be1 Nh8 47. h4 Ng6
48. hxg5 hxg5 49. Bd2 Nf4 50. Bb5 cxb5 51. Kb7 Ng6 52. c6+ Ke8 53. c7 Ke7 1-0

[Event "Excelsior March op"]
[Site "Toronto CAN"]
[Date "2023.03.11"]
[Round "2.13"]
[White "Reprintsev, Alexander"]
[Black "Loadman, Ian"]
[Result "1-0"]
[WhiteElo "2279"]
[BlackElo "1912"]
[PlyCount "49"]
[EventDate "2023.03.19"]
[EventType "swiss"]
[EventRounds "5"]
[EventCountry "CAN"]

1. e4 e5 2. Nf3 Nc6 3. Bc4 Nf6 4. Ng5 d5 5. exd5 Na5 6. Bb5+ c6 7. dxc6 bxc6 8.
Bd3 Nd5 9. h4 h6 10. Qh5 Qf6 11. Ne4 Qe6 12. b3 Nf4 13. Qf3 Be7 14. Ng3 Nxd3+
15. Qxd3 O-O 16. Ba3 c5 17. Ne4 Bb7 18. Nxc5 Bxc5 19. Bxc5 Rfc8 20. b4 Nc4 21.
Qh3 Qg6 22. O-O Qxc2 23. d3 Qb2 24. dxc4 Qxa1 25. Qb3 1-0

[Event "Excelsior March op"]
[Site "Toronto CAN"]
[Date "2023.03.11"]
[Round "2.14"]
[White "Huang, Youhe"]
[Black "Heran-Boily, Samuel"]
[Result "1-0"]
[WhiteElo "2070"]
[BlackElo "1877"]
[PlyCount "165"]
[EventDate "2023.03.19"]
[EventType "swiss"]
[EventRounds "5"]
[EventCountry "CAN"]

1. e4 e6 2. d4 d5 3. e5 c5 4. c3 Nc6 5. Nf3 cxd4 6. cxd4 Qb6 7. a3 Nge7 8. Nc3
Bd7 9. b4 Rc8 10. Na4 Qc7 11. Bb2 Ng6 12. Rc1 Qb8 13. h4 b5 14. Nc5 Bxc5 15.
Rxc5 Nd8 16. h5 Ne7 17. h6 g6 18. Ng5 O-O 19. Qf3 f5 20. exf6 Nf5 21. g4 Nd6
22. Bd3 N8f7 23. Nxf7 Kxf7 24. O-O Rxc5 25. dxc5 Nc4 26. Bxc4 bxc4 27. Re1 Re8
28. Be5 Qb5 29. Qc3 a6 30. Ra1 Qa4 31. f3 Bb5 32. Bg3 Qb3 33. Qe5 Qa4 34. Qc7+
Bd7 35. Qe5 Qc6 36. Bf2 Rc8 37. Bd4 Qc7 38. g5 Qxe5 39. Bxe5 Ba4 40. Kf2 Rc6
41. Ke3 Rc8 42. Kd4 Rc6 43. Bd6 Rc8 44. f4 Rd8 45. Rc1 Rc8 46. Ke5 Rd8 47. Rc3
Rg8 48. Kd4 Rc8 49. Re3 Bd7 50. Kc3 Re8 51. Be7 Rb8 52. Kd4 Rc8 53. Ke5 Ba4 54.
Rh3 Bb5 55. Rg3 Ba4 56. Kd4 Bd7 57. Bd6 Ba4 58. Kc3 Bb5 59. Be5 Re8 60. Kd4 Rc8
61. Ke3 Rd8 62. Bb2 Re8 63. Kd4 Rc8 64. Ke5 Rd8 65. Kd4 Rc8 66. Ke3 Rd8 67. Be5
Rc8 68. Kd4 Ba4 69. Rh3 Bb5 70. Rh1 Ba4 71. Rb1 Bb5 72. Bd6 Re8 73. a4 Bxa4 74.
Ra1 Bb5 75. c6 Ra8 76. c7 Rc8 77. Ra3 Ke8 78. Kc5 Kf7 79. Be5 Ke8 80. Kd6 Kf7
81. Ra5 Ra8 82. Rxb5 axb5 83. Kd7 1-0